banner-ar

تاريخ اسيا : (Record no. 60505)

MARC details
000 -الفاتح
حقل البيانات ثابتة الطول 00797nam a22002177a 4500
005 - وقت وتاريخ اخر تعامل مع التسجيلة
رقم الضبط 20240530110413.0
008 - عناصر البيانات ثابتة الطول - معلومات عامة
حقل البيانات ثابتة الطول 150225s2010 ua g b 000 0 ara d
040 ## - مصدر الفهرسة
وكالة الفهرسة الأصلية EG-CaGPL
041 0# - رمز اللغة
رمز لغة النص/ المسارات الصوتية أو العنوان الانفرادي ara
082 04 - رقم تصنيف ديوى العشرى
رقم الطبعة 21
رقم التصنيف 950\
رقم المادة ا ت
100 0# - المدخل الرئيسى - إسم شخصى
الإسم الشخصى السيد محمود محمد
245 10 - بيان العنوان
العنوان تاريخ اسيا :
بقية العنوان السياسة الخارجية و الاستعمار /
بيان المسئوليه,etc تاليف السيد محمود محمد
260 ## - PUBLICATION, DISTRIBUTION, ETC. (IMPRINT)
تاريخ النشر أو التوزيع 2010
300 ## - الوصف المادى
التعداد 225 ص ؛
أبعاد الوعاء 24 سم
504 ## - تبصرة ببليوجرافية
تبصرة ببليوجرافية,الخ ببليوجرافية : ص 219 - 222
651 04 - المدخل الاضافى بالموضوع - اسم جغرافى
الاسم الجغرافي اسيا
التقسيم الفرعي العام تاريخ
651 04 - المدخل الاضافى بالموضوع - اسم جغرافى
الاسم الجغرافي اسيا
التقسيم الفرعي العام العلاقات الخارجية
651 04 - المدخل الاضافى بالموضوع - اسم جغرافى
الاسم الجغرافي اسيا
التقسيم الفرعي العام الاحوال السياسية
942 ## - عناصر المدخل الإضافي( كوها)
مصدر التصنيف او مخطط الترفيف Dewey Decimal Classification
Koha [default] item type كتاب
260 ## - PUBLICATION, DISTRIBUTION, ETC. (IMPRINT)
-- القاهرة :
-- دار الكتاب الحديث ،
Holdings
حالة التراجع حالة الفقد حالة تلف ليس للاعارة المكان المؤقت الموقع الحالى تاريخ الاكتساب اجمالي اﻻعارات رقم الطلب الباركود تاريخ اخر مشاهدة تاريخ تفعيل السعر نوع وعاء كوها
        مكتبة القاهرة الكبرى مكتبة القاهرة الكبرى 02/25/2015   950\ ا ت 159582 02/25/2015 02/25/2015 كتاب

Powered By

EGPV